01032cam a22002891a 4500952012700000999001700127001000800144003000400152005001700156008004100173010001700214035001900231040002400250042001200274050002200286082001500308100003900323245012000362250001500482260003900497300004200536504003900578600003300617650001100650906004500661942003600706 00102ddc40708ISLAMaMESbMEScISLd2019-02-20g27.50l0o297 ALI/Sp11258r2019-02-20 00:00:00w2019-02-20yBKzGL48R3 c22105d221057984162OSt20200323150939.0810709s1955 enk 001 0 eng  asa 64006831  a(OCoLC)7567692 aDLCcoclcdTQGdDLC apremarc00aBP161b.A335 1955 a297bALI/S aAli, Syed Ameer d1849-1928.9219014aThe spirit of Islam :ba history of the evolution and ideals of Islam, with a life of the Prophet /cSyed Ameer Ali a[Rev. ed.] aBombay:bB I Publications,c[1955] a 515 p. :bfront. (facsim.) ;c22 cm. aBibliographical index: p. 513-515.00aMuḥammad,cProphet,d-632. 0aIslam. a7bcbccoclcrplduencipf19gy-gencatlg 2ddccBKh297iALI/Sk297mALI/S